Puolustusvoimain komentajat - Statistics

Yleistilastot
  • Tätä visaa on pelattu 77 kertaa
    43 viimeisimmän päivityksen jälkeen
  • Keskiarvotulos 7 / 23
Vastaustilastot
Virassa Komentaja Sotilasarvo % Oikein
1939-1945 Gustaf Mannerheim Suomen marsalkka
83%
2024- Janne Jaakkola kenraali
79%
2019-2024 Timo Kivinen kenraali
71%
2009-2014 Ari Puheloinen kenraali
46%
2014-2019 Jarmo Lindberg kenraali
42%
1994-2001 Gustav Hägglund kenraali
38%
2001-2009 Juhani Kaskeala amiraali
33%
1965-1969 Yrjö Keinonen jalkaväenkenraali
33%
1974-1983 Lauri Sutela kenraali
29%
1945 Erik Heinrichs jalkaväenkenraali
25%
1983-1990 Jaakko Valtanen kenraali
25%
1946-1953 Aarne Sihvo jalkaväenkenraali
17%
1926-1933 Aarne Sihvo jalkaväenkenraali
17%
1933-1939 Hugo Österman kenraaliluutnantti
17%
1990-1994 Jan Klenberg amiraali
17%
1969-1974 Kaarlo Leinonen kenraali
17%
1959-1965 Sakari Simelius jalkaväenkenraali
17%
1953-1959 Kaarlo Heiskanen jalkaväenkenraali
13%
1945-1946 Jarl Lundqvist kenraaliluutnantti
8%
1919 Kaarlo Edward Kivekäs kenraalimajuri
8%
1919-1926 Karl Fredrik Wilkama kenraaliluutnantti
8%
1925 Lauri Malmberg jääkärieversti
8%
1924-1925 Vilho Nenonen kenraaliluutnantti
8%
Ehtoja vastaavia visoja ei löytynyt
Tulosjakauma
Jokaisen tuloksen saaneiden osuus
Persentiili vastausten määrän mukaan
Tuloshistoriasi
Et ole pelannut tätä visaa sen viimeisimmän päivityksen jälkeen